Welcome to CU Library Online Public Access Catalogue (OPAC)

Educating congregations : (Record no. 9080)

MARC details
000 -LEADER
fixed length control field 00927cam a2200277 a 4500
001 - CONTROL NUMBER
control field 3014501
003 - CONTROL NUMBER IDENTIFIER
control field CU66
005 - DATE AND TIME OF LATEST TRANSACTION
control field 20260317172735.0
008 - FIXED-LENGTH DATA ELEMENTS--GENERAL INFORMATION
fixed length control field 940531s1994 tnu b 000 0 eng
010 ## - LIBRARY OF CONGRESS CONTROL NUMBER
LC control number 94019537
020 ## - INTERNATIONAL STANDARD BOOK NUMBER
International Standard Book Number 0687002451 (alk. paper)
040 ## - CATALOGING SOURCE
Original cataloging agency DLC
Transcribing agency DLC
Modifying agency DLC
050 00 - LIBRARY OF CONGRESS CALL NUMBER
Classification number BV1464
Item number .F65 1994
082 00 - DEWEY DECIMAL CLASSIFICATION NUMBER
Classification number 268
Edition information 20
100 1# - MAIN ENTRY--PERSONAL NAME
Personal name Foster, Charles R.,
Dates associated with a name 1937-
245 10 - TITLE STATEMENT
Title Educating congregations :
Remainder of title the future of Christian education /
Statement of responsibility, etc. Charles R. Foster.
260 ## - PUBLICATION, DISTRIBUTION, ETC.
Place of publication, distribution, etc. Nashville :
Name of publisher, distributor, etc. Abingdon Press,
Date of publication, distribution, etc. c1994.
300 ## - PHYSICAL DESCRIPTION
Extent 160 p. ;
Dimensions 21 cm.
504 ## - BIBLIOGRAPHY, ETC. NOTE
Bibliography, etc. note Includes bibliographical references (p. 156-160)
650 #0 - SUBJECT ADDED ENTRY--TOPICAL TERM
Topical term or geographic name entry element Christian education.
650 #0 - SUBJECT ADDED ENTRY--TOPICAL TERM
Topical term or geographic name entry element Christianity
General subdivision Forecasting.
650 #0 - SUBJECT ADDED ENTRY--TOPICAL TERM
Topical term or geographic name entry element Church work.
906 ## - LOCAL DATA ELEMENT F, LDF (RLIN)
a 7
b cbc
c orignew
d 1
e ocip
f 19
g y-gencatlg
942 ## - ADDED ENTRY ELEMENTS (KOHA)
Source of classification or shelving scheme Dewey Decimal Classification
Koha item type Books
Suppress in OPAC No
Holdings
Withdrawn status Lost status Source of classification or shelving scheme Damaged status Not for loan Home library Current library Shelving location Date acquired Total checkouts Full call number Barcode Date last seen Price effective from Koha item type
    Dewey Decimal Classification     Graduate Library (Christ Temple) Graduate Library (Christ Temple) General stacks 03/17/2026   BV 1464.F65 FOS gsct00003300 03/17/2026 03/17/2026 Books
© 2023-2024 Copyright: Central University Libraries. All Rights Reserved | Created by: Mahone Tech Office